00841nam a2200181 a 450000100100000000500170001000800410002704000250006808200160009310000310010924500790014026000520021930000200027150002280029104900090051995201140052899900170064200002814320200930031402.0110407s1981 dr 000 0 spa d aDO-SdBNPbspacBNPHU axxxxbF363e1 aFernández, Aleyda95514510aEnrique Jiménes Moya :bcomandante de la libertad /cAleyda Fernández. aSanto Domingo :bFundación Testimonio,c1981. a18 p. ;c20 cm. aTrabajo publicado el 14 de mayo de 1979 en " El Sol". Ganó el 3er. Premio del concurso periodistico auspiciado por la Fundación Héroes de Constanza, Maimón y Estero hondo, al cumplirse el 20 aniversario de la gesta. aBNPD 0010718PDaPDbPDcCTd2011-04-07iLF1l0oxxxx F363ep28143-10r2020-06-25w2020-06-25yLFPDZNo se presta c27635d27635